| 000 | 00868nam a2200277Ia 4500 | ||
|---|---|---|---|
| 005 | 20220317000405.0 | ||
| 008 | 141031s9999 ck 000 0 spa d | ||
| 020 | _a9788433966384 | ||
| 100 | 1 |
_aMcEwan, Ian, _d1948- |
|
| 245 | 1 | 0 |
_aNiños en el tiempo _cIan McEwan ; traducción de Javier Fernández de Castro |
| 250 | _a2a edición | ||
| 300 |
_a255 páginas _c20 cm. |
||
| 490 | _aCompactos | ||
| 534 | _tThe child in time | ||
| 650 | 1 | 4 |
_2LEMB _aNovela inglesa |
| 650 | 1 | 4 |
_2LEMB _aPadres e hijos _vNovela |
| 650 | 1 | 4 |
_2LEMB _aHistorias de aventuras |
| 700 | 1 |
_aFernández de Castro, Javier, _d1942- _etraductor _915184 |
|
| 942 |
_2loc _cBKLIT |
||
| 264 |
_aBarcelona _bAnagrama _c2009 |
||
| 336 |
_atexto _btxt _2rdacontent |
||
| 337 |
_asin mediación _bn _2rdamedia |
||
| 338 |
_avolumen _bnc _2rdacarrier |
||
| 040 |
_aCO-BoRNBP _bspa _erda _cCO-BoRNBP |
||
| 084 | _aN MCE1 | ||
| 999 |
_c3909 _d3909 |
||